[Event "Lisbon Portugal rapid op"]
[Site "Lisbon"]
[Date "2022.09.03"]
[Round "3"]
[White "Bartolo, Filipe Diogo Correi"]
[Black "Gaspar, Artur Jorge Rocha"]
[Result "0-1"]
[WhiteElo "1959"]
[BlackElo "2140"]
[PlyCount "118"]
[EventDate "2022.09.03"]
[EventType "swiss (rapid)"]
[EventRounds "11"]
[EventCountry "POR"]
[SourceTitle "CBM 210 Extra"]
[Source "ChessBase"]
[SourceDate "2022.11.30"]
[SourceVersion "1"]
[SourceVersionDate "2022.11.30"]
[SourceQuality "1"]

1. e4 d6 2. Nf3 g6 3. g3 Bg7 4. Bg2 c5 5. 0-0 Nc6 6. c4 Bg4 7. Nc3 Nf6 8. h3 Bxf3 9. Bxf3 Nd7 10. d3 Nf8 11. Bg2 Ne6 12. f4 0-0 13. Be3 Bd4 14. Bxd4 Nexd4 15. Ne2 Rb8 16. Nxd4 Nxd4 17. f5 Qa5 18. h4 b5 19. cxb5 Rxb5 20. b3 Qc3 21. Rf2 a5 22. Rc1 Qb4 23. h5 Rbb8 24. f6 exf6 25. Rc4 Qb6 26. Rxf6 Rbe8 27. Qd2 Qd8 28. Rf2 Re5 29. h6 Qg5 30. Qf4 Qe7 31. Ra4 Ra8 32. Qf6 Qxf6 33. Rxf6 Ra6 34. Rf4 Ne2+ 35. Kf2 Nxf4 36. gxf4 Rh5 37. a3 Rxh6 38. b4 cxb4 39. axb4 Rh5 40. Bf3 Rb5 41. bxa5 Raxa5 42. Rd4 Rb6 43. Ke3 Kf8 44. Rc4 Ra7 45. Rc8+ Ke7 46. Rh8 h5 47. f5 Kf6 48. Rh7 Ra3 49. Be2 Rb2 50. fxg6 fxg6 51. Rd7 Rb6 52. Rh7 Kg5 53. Kd4 Ra5 54. Rf7 Rb4+ 55. Kc3 Rb1 56. Rd7 Ra2 57. Bf3 Rf2 58. Rf7 Rbf1 59. e5 dxe5 0-1

[Event "Collado Villalba Grupo Gallinero op 1st"]
[Site "Collado Villalba"]
[Date "2022.08.14"]
[Round "4"]
[White "Bartolo, Filipe Diogo Correi"]
[Black "Martin Garcia, Francisco Javier"]
[Result "1-0"]
[WhiteElo "1829"]
[BlackElo "1509"]
[PlyCount "89"]
[EventDate "2022.08.12"]
[EventType "swiss"]
[EventRounds "9"]
[EventCountry "ESP"]
[SourceTitle "CBM 210 Extra"]
[Source "ChessBase"]
[SourceDate "2022.11.30"]
[SourceVersion "1"]
[SourceVersionDate "2022.11.30"]
[SourceQuality "1"]

1. Nf3 c5 2. g3 d5 3. Bg2 g6 4. 0-0 Bg7 5. d3 Nf6 6. Nbd2 Nc6 7. e4 0-0 8. c3 h6 9. Re1 dxe4 10. dxe4 Bg4 11. Qc2 Be6 12. Nf1 g5 13. Be3 c4 14. Rad1 Qc7 15. h4 Ng4 16. hxg5 Nxe3 17. Nxe3 Rad8 18. gxh6 Bxh6 19. Nd4 Nxd4 20. cxd4 Bxe3 21. Rxe3 b5 22. Qe2 Qc8 23. d5 Bg4 24. f3 Bh5 25. g4 Bg6 26. f4 Qc5 27. f5 Bh7 28. Qf2 f6 29. Rh3 Qxf2+ 30. Kxf2 Kg7 31. Ke3 Rd6 32. Rdh1 Rh8 33. Kd4 a6 34. e5 fxe5+ 35. Kxe5 Rf6 36. Be4 Rff8 37. g5 Bxf5 38. Rxh8 Bxe4 39. Rxf8 Bxh1 40. Ra8 e6 41. Ra7+ Kg6 42. dxe6 b4 43. e7 Kf7 44. g6+ Ke8 45. g7 1-0

[Event "Pontevedra op-A 10th"]
[Site "Pontevedra"]
[Date "2022.07.27"]
[Round "6"]
[White "Bartolo, Filipe Diogo Correi"]
[Black "Pintor, Simao Maciel Abranc"]
[Result "1/2-1/2"]
[WhiteElo "1815"]
[BlackElo "2062"]
[PlyCount "64"]
[EventDate "2022.07.24"]
[EventType "swiss"]
[EventRounds "9"]
[EventCountry "ESP"]
[SourceTitle "EXT 2023"]
[Source "ChessBase"]
[SourceDate "2022.10.05"]
[SourceVersion "1"]
[SourceVersionDate "2022.10.05"]
[SourceQuality "1"]

1. e4 c5 2. Nf3 g6 3. d4 cxd4 4. Nxd4 Nc6 5. c4 Bg7 6. Be3 Nf6 7. Nc3 0-0 8. Be2 d6 9. 0-0 Nxd4 10. Bxd4 Bd7 11. Qd2 Bc6 12. f3 a5 13. b3 Nd7 14. Be3 Nc5 15. Rab1 Qb6 16. Rfc1 Rfc8 17. Rc2 Qd8 18. Bf1 h5 19. Bg5 Ne6 20. Be3 Kh7 21. Nd5 Bxd5 22. Qxd5 Rc6 23. f4 Qh8 24. f5 Bd4 25. Bxd4 Qxd4+ 26. Qxd4 Nxd4 27. Rd2 e5 28. fxe6 Nxe6 29. Rbd1 Nc5 30. Rxd6 Rxd6 31. Rxd6 Re8 32. Rd5 b6 1/2-1/2

[Event "POR-chT Blitz"]
[Site "Viseu"]
[Date "2022.06.12"]
[Round "6.7"]
[White "Pintor, Simao Maciel Abranc"]
[Black "Bartolo, Filipe Diogo Correi"]
[Result "0-1"]
[WhiteElo "2065"]
[BlackElo "1821"]
[PlyCount "82"]
[EventDate "2022.06.12"]
[EventType "team-swiss (blitz)"]
[EventRounds "7"]
[EventCountry "POR"]
[SourceTitle "CBM 208 Extra"]
[Source "ChessBase"]
[SourceDate "2022.07.31"]
[SourceVersion "1"]
[SourceVersionDate "2022.07.31"]
[SourceQuality "1"]
[WhiteTeam "Porto Colegio Efanor"]
[BlackTeam "Alekhine"]
[WhiteTeamCountry "POR"]
[BlackTeamCountry "POR"]

1. Nf3 Nf6 2. g3 g6 3. b3 Bg7 4. Bb2 0-0 5. Bg2 d6 6. d4 Nbd7 7. 0-0 c6 8. c4 Re8 9. Nc3 e5 10. dxe5 dxe5 11. Ng5 Nc5 12. b4 Ne6 13. Nge4 Nxe4 14. Nxe4 Qe7 15. c5 b6 16. Nd6 Rd8 17. Bxc6 Rb8 18. Qc2 bxc5 19. bxc5 Qc7 20. Nxc8 Rdxc8 21. Bd5 Qxc5 22. Qxc5 Rxc5 23. Bxe6 Rxb2 24. Bg4 f5 25. Bf3 e4 26. Bg2 Rxe2 27. Rfe1 Rcc2 28. Rxe2 Rxe2 29. Bf1 Rd2 30. Rb1 Bd4 31. Kg2 Rxf2+ 32. Kh3 Kg7 33. Rb7+ Kh6 34. Bc4 e3 35. Re7 Rc2 36. Bg8 e2 37. Rxh7+ Kg5 38. Re7 Bf2 39. Kg2 e1Q 40. h4+ Kg4 41. Rxe1 Bxe1+ 0-1

[Event "POR-ch U14/20"]
[Site "Fatima"]
[Date "2022.04.13"]
[Round "6"]
[White "Ribeiro, Gustavo"]
[Black "Bartolo, Filipe Diogo Correi"]
[Result "1-0"]
[WhiteElo "1860"]
[BlackElo "1869"]
[PlyCount "107"]
[EventDate "2022.04.10"]
[EventType "swiss"]
[EventRounds "9"]
[EventCountry "POR"]
[SourceTitle "EXT 2023"]
[Source "ChessBase"]
[SourceDate "2022.10.05"]
[SourceVersion "1"]
[SourceVersionDate "2022.10.05"]
[SourceQuality "1"]

1. b3 d6 2. Bb2 Nd7 3. Nf3 Ngf6 4. d4 g6 5. g3 Bg7 6. Bg2 0-0 7. 0-0 c6 8. c4 Qc7 9. Nc3 e5 10. d5 c5 11. Nd2 Ne8 12. e3 f5 13. f4 Qd8 14. Qc2 e4 15. g4 Qh4 16. gxf5 gxf5 17. Qd1 Ndf6 18. Qe1 Qh6 19. Qg3 Ng4 20. Rae1 Nef6 21. Nd1 Nh5 22. Qh4 Bxb2 23. Nxb2 Nhf6 24. Qxh6 Nxh6 25. h3 Bd7 26. Kh2 Kf7 27. Rg1 Rg8 28. Bh1 Rxg1 29. Rxg1 Rg8 30. Nd1 Nhg4+ 31. hxg4 Nxg4+ 32. Rxg4 Rxg4 33. Nf2 Rg8 34. Bg2 a5 35. Bh3 Ke7 36. a4 Rg7 37. Nf1 Kf6 38. Ng3 Kg6 39. Bf1 h5 40. Nh3 Kh6 41. Ng5 Bc8 42. Bh3 Kg6 43. N3xe4 fxe4 44. Bxc8 Kf6 45. Nxe4+ Ke7 46. Ng5 b6 47. Kh3 Rg8 48. Be6 Rf8 49. Kh4 Rh8 50. e4 Rf8 51. Bf7 Rh8 52. e5 dxe5 53. fxe5 Rf8 54. e6 1-0

[Event "Portuguese Honra"]
[Site "Fatima"]
[Date "2021.04.10"]
[Round "6"]
[White "Santos, Julio Fernandes"]
[Black "Bartolo, Filipe Diogo Correi"]
[Result "1-0"]
[WhiteElo "1884"]
[BlackElo "1876"]
[PlyCount "119"]
[EventDate "2021.04.06"]
[EventType "tourn"]
[EventRounds "9"]
[EventCountry "POR"]
[SourceTitle "CBM 201 Extra"]
[Source "ChessBase"]
[SourceDate "2021.05.31"]
[SourceVersion "1"]
[SourceVersionDate "2021.05.31"]
[SourceQuality "1"]

1. e4 e5 2. Nf3 Nc6 3. Bc4 Bc5 4. 0-0 Nf6 5. d3 d6 6. Nc3 Bg4 7. h3 Bh5 8. Be3 Qd7 9. Kh2 0-0-0 10. Nd5 Nxd5 11. Bxd5 Ne7 12. g4 Bxe3 13. fxe3 Nxd5 14. exd5 Bg6 15. e4 h5 16. g5 Rdf8 17. Nh4 Bh7 18. Rf3 Qe7 19. Qd2 f5 20. exf5 e4 21. Re1 Qe5+ 22. Qf4 Qxd5 23. Qxe4 Qxa2 24. Qd4 Qa5 25. b4 Qa4 26. Re7 Re8 27. Qxg7 Rxe7 28. Qxh8+ Kd7 29. f6 Qxc2+ 30. Kg3 Qc1 31. fxe7 Qxg5+ 32. Kh2 Qxe7 33. Qd4 Kc6 34. Ng2 a6 35. Nf4 Qe1 36. Qc4+ Kb6 37. Nd5+ Ka7 38. Qd4+ b6 39. Nxb6 Qe2+ 40. Rf2 Qxd3 41. Qxd3 Bxd3 42. Nd5 Kb8 43. Nf4 Bc4 44. Nxh5 Kb7 45. Nf6 Kb6 46. h4 Kb5 47. Rf4 Bd3 48. h5 c5 49. bxc5 dxc5 50. h6 Bg6 51. Rg4 Bf5 52. Rg5 Bd3 53. Nd7 a5 54. Nxc5 Bh7 55. Nd7+ Kb4 56. Nf6 Bc2 57. Nd5+ Ka4 58. Ne3 Bh7 59. Nc4 Kb4 60. Nxa5 1-0

[Event "Pombal op 11th"]
[Site "Pombal"]
[Date "2020.10.04"]
[Round "4"]
[White "Bartolo, Filipe Diogo Correi"]
[Black "Fernandes, Miguel A Murtinho"]
[Result "0-1"]
[WhiteElo "1856"]
[BlackElo "2139"]
[PlyCount "86"]
[EventDate "2020.10.02"]
[EventType "swiss"]
[EventRounds "7"]
[EventCountry "POR"]
[SourceTitle "CBM 198 Extra"]
[Source "ChessBase"]
[SourceDate "2020.11.30"]
[SourceVersion "1"]
[SourceVersionDate "2020.11.30"]
[SourceQuality "1"]

1. e4 c6 2. d4 d5 3. exd5 cxd5 4. Bd3 Nc6 5. c3 Qc7 6. Ne2 Bg4 7. f3 Bd7 8. Bf4 e5 9. dxe5 Nxe5 10. 0-0 Bd6 11. Bxe5 Bxe5 12. Qb3 Nf6 13. Nd4 Bxh2+ 14. Kh1 0-0 15. Bf5 Bxf5 16. Nxf5 Qe5 17. g4 Qe2 18. Na3 Bf4 19. Qc2 Rfe8 20. Rae1 Qxe1 21. Rxe1 Rxe1+ 22. Kg2 Rae8 23. Nd4 g6 24. Qb3 h5 25. Nac2 R1e5 26. Nb4 hxg4 27. fxg4 Rg5 28. Kf3 Bd6 29. Qa4 Kg7 30. Qxa7 Nxg4 31. Ne2 Re3+ 32. Qxe3 Nxe3 33. Kxe3 Bxb4 34. cxb4 Re5+ 35. Kd3 g5 36. b5 f5 37. a4 f4 38. Nd4 Kf6 39. a5 g4 40. a6 bxa6 41. bxa6 f3 42. a7 Re8 43. b4 f2 0-1

[Event "Lisbon Portugal op"]
[Site "Lisbon"]
[Date "2020.01.25"]
[Round "1"]
[White "Bartolo, Filipe Diogo Correi"]
[Black "Campora, Daniel Hugo"]
[Result "0-1"]
[WhiteElo "1819"]
[BlackElo "2420"]
[PlyCount "108"]
[EventDate "2020.01.25"]
[EventType "swiss"]
[EventRounds "9"]
[EventCountry "POR"]
[SourceTitle "CBM 194"]
[Source "ChessBase"]
[SourceDate "2020.01.27"]
[SourceVersion "1"]
[SourceVersionDate "2020.01.27"]
[SourceQuality "1"]

1. e4 e5 2. Nf3 Nc6 3. Bb5 Nf6 4. d3 d6 5. Nc3 g6 6. Be3 Bg7 7. Qd2 Ng4 8. 0-0-0 Nxe3 9. Qxe3 0-0 10. h4 h5 11. Kb1 Nd4 12. Bc4 c6 13. Ng5 b5 14. Bxf7+ Rxf7 15. Nxf7 Kxf7 16. f4 exf4 17. Rdf1 Kg8 18. Qxf4 Qe7 19. Nd1 Bg4 20. Rf2 Rf8 21. Qe3 Re8 22. Rhf1 b4 23. Qe1 Bxd1 24. Qxd1 Qe5 25. Qc1 Nb5 26. Rf7 Re7 27. Rxe7 Qxe7 28. Qf4 Qe5 29. Qxe5 Bxe5 30. a4 bxa3 31. c4 Nd4 32. bxa3 a5 33. a4 Kg7 34. Kc1 Bf6 35. Kd2 Bxh4 36. Ke3 c5 37. Rb1 Nc2+ 38. Ke2 Nb4 39. Rf1 Bf6 40. Rf4 Kf7 41. Rf3 Ke6 42. Rf1 g5 43. Rh1 h4 44. Rc1 Be5 45. Rf1 Bf4 46. Rh1 Ke5 47. Rb1 Kd4 48. Rb3 g4 49. Ra3 h3 50. gxh3 gxh3 51. Ra1 h2 52. Kf3 Be5 53. Rd1 Nxd3 54. Ke2 Kxe4 0-1

[Event "Lisbon Simoes Memorial 3rd"]
[Site "Lisbon"]
[Date "2019.10.30"]
[Round "5"]
[White "Avelino, Camila Biscaya"]
[Black "Bartolo, Filipe Diogo Correi"]
[Result "1-0"]
[WhiteElo "1733"]
[BlackElo "1707"]
[PlyCount "53"]
[EventDate "2019.10.02"]
[EventType "swiss"]
[EventRounds "5"]
[EventCountry "POR"]
[SourceTitle "CBM 192 Extra"]
[Source "Chessbase"]
[SourceDate "2019.11.06"]
[SourceVersion "1"]
[SourceVersionDate "2019.11.06"]
[SourceQuality "1"]

1. e4 c5 2. Nf3 e6 3. d4 cxd4 4. Nxd4 d6 5. Nc3 a6 6. Be3 Nf6 7. Be2 Be7 8. 0-0 b5 9. f4 Bb7 10. Bf3 e5 11. Nf5 0-0 12. Qe1 b4 13. Na4 a5 14. fxe5 dxe5 15. Bh6 g6 16. Nxe7+ Qxe7 17. Bxf8 Kxf8 18. Qe3 Nbd7 19. Rad1 Rc8 20. Rd2 Bc6 21. Nb6 Nxb6 22. Qxb6 Nxe4 23. Re2 Ng3 24. hxg3 e4 25. Bxe4 Bxe4 26. Qd4 Re8 27. Qh8# 1-0

[Event "Lisbon Simoes Memorial 3rd"]
[Site "Lisbon"]
[Date "2019.10.23"]
[Round "4"]
[White "Bartolo, Filipe Diogo Correi"]
[Black "Pires, Emanuel Joao Robart"]
[Result "0-1"]
[WhiteElo "1707"]
[BlackElo "2091"]
[PlyCount "88"]
[EventDate "2019.10.02"]
[EventType "swiss"]
[EventRounds "5"]
[EventCountry "POR"]
[SourceTitle "CBM 192 Extra"]
[Source "Chessbase"]
[SourceDate "2019.11.06"]
[SourceVersion "1"]
[SourceVersionDate "2019.11.06"]
[SourceQuality "1"]

1. e4 d6 2. d4 Nf6 3. Nc3 g6 4. Nf3 Bg7 5. Bd3 0-0 6. Be3 Nc6 7. Qd2 Ng4 8. 0-0-0 e5 9. dxe5 Nxe3 10. Qxe3 Nxe5 11. Nxe5 Bxe5 12. Ne2 Qf6 13. c3 Qe6 14. f4 Bg7 15. Kb1 c5 16. g4 b5 17. f5 Qe5 18. Bxb5 Rb8 19. Rd5 Qe7 20. Bc4 Bb7 21. Nf4 Bh6 22. fxg6 Bxd5 23. Bxd5 Qg5 24. gxf7+ Kh8 25. Rf1 Qxg4 26. e5 Qf5+ 27. Ka1 dxe5 28. Ng6+ Qxg6 29. Qxe5+ Bg7 30. Qc7 Qc2 31. Bb3 Qe2 32. Rg1 Qf2 33. Rd1 Rfc8 34. Qxa7 Qe2 35. Rg1 Qf2 36. Rd1 Qf3 37. Rg1 Qf4 38. Qd7 c4 39. Bc2 Qf6 40. Re1 Rf8 41. Re8 Qf1+ 42. Bb1 Qf4 43. Qe7 Qxh2 44. Qe4 Qxb2# 0-1

[Event "Oeiras Honra"]
[Site "Oeiras"]
[Date "2019.08.18"]
[Round "8"]
[White "Bartolo, Filipe Diogo Correi"]
[Black "Morais, Vitor Mestre"]
[Result "1/2-1/2"]
[WhiteElo "1705"]
[BlackElo "1907"]
[PlyCount "105"]
[EventDate "2019.08.13"]
[EventType "tourn"]
[EventRounds "9"]
[EventCountry "POR"]
[SourceTitle "EXT 2020"]
[Source "ChessBase"]
[SourceDate "2019.10.17"]
[SourceVersion "1"]
[SourceVersionDate "2019.10.17"]
[SourceQuality "1"]

1. Nf3 Nf6 2. g3 g6 3. Bg2 Bg7 4. 0-0 0-0 5. d3 d6 6. e4 c5 7. Nbd2 Nc6 8. Re1 e5 9. a4 a6 10. Nc4 Rb8 11. a5 Be6 12. Bd2 h6 13. Bc3 Kh7 14. Nfd2 Nd4 15. Bxd4 cxd4 16. c3 dxc3 17. bxc3 Ng8 18. Rb1 Ne7 19. Rb6 Nc8 20. Rb4 b5 21. axb6 Nxb6 22. Qa1 Nxc4 23. Nxc4 Bxc4 24. Rxc4 Qb6 25. Rb4 Qc5 26. Reb1 Rxb4 27. Rxb4 f5 28. Qb2 fxe4 29. dxe4 a5 30. Rb5 Rxf2 31. Rxc5 Rxb2 32. Rxa5 Rc2 33. Rd5 Bf8 34. Rd3 Kg7 35. Bf1 Be7 36. Rf3 Bd8 37. h3 h5 38. Bg2 Ba5 39. Rd3 Rxc3 40. Rxc3 Bxc3 41. Kf2 Bd4+ 42. Kf3 g5 43. g4 Kg6 44. Bf1 h4 45. Bc4 Kf6 46. Bd5 Ke7 47. Ke2 Kd7 48. Ba8 Kc7 49. Bd5 Kb6 50. Ba8 Kc5 51. Bd5 Kb4 52. Ba8 Kc3 53. Bd5 1/2-1/2

[Event "Oeiras Honra"]
[Site "Oeiras"]
[Date "2019.08.16"]
[Round "5"]
[White "Santos, Ruben Jose Melo"]
[Black "Bartolo, Filipe Diogo Correi"]
[Result "1-0"]
[WhiteElo "1722"]
[BlackElo "1705"]
[PlyCount "77"]
[EventDate "2019.08.13"]
[EventType "tourn"]
[EventRounds "9"]
[EventCountry "POR"]
[SourceTitle "EXT 2020"]
[Source "ChessBase"]
[SourceDate "2019.10.17"]
[SourceVersion "1"]
[SourceVersionDate "2019.10.17"]
[SourceQuality "1"]

1. a3 e5 2. e3 d5 3. d4 exd4 4. exd4 Bd6 5. Bd3 h6 6. Ne2 Nf6 7. 0-0 0-0 8. Bf4 Nc6 9. c3 Bg4 10. f3 Be6 11. Nd2 Ne7 12. Kh1 c5 13. Bxd6 Qxd6 14. dxc5 Qxc5 15. Nd4 Nc6 16. N2b3 Qb6 17. Qd2 Nd7 18. f4 Nc5 19. Nxc5 Qxc5 20. f5 Bd7 21. f6 Nxd4 22. cxd4 Qd6 23. Rf3 Rfe8 24. Raf1 Re6 25. fxg7 Rae8 26. Rg3 Qe7 27. Qc2 Re4 28. Bxe4 dxe4 29. Re1 Qf6 30. Qd2 Bc6 31. Qe3 Rd8 32. Rd1 Ba4 33. b3 Bc6 34. Kg1 Qe6 35. Rf1 Rd6 36. Qf4 Bd7 37. Qxf7+ Qxf7 38. Rxf7 Rxd4 39. Rf8+ 1-0

[Event "EU-ch U12 27th"]
[Site "Mamaia"]
[Date "2017.09.14"]
[Round "9"]
[White "Stagno, Matteo"]
[Black "Bartolo, Filipe Diogo Correi"]
[Result "0-1"]
[WhiteElo "1480"]
[BlackElo "1504"]
[PlyCount "58"]
[EventDate "2017.09.05"]
[EventType "swiss"]
[EventRounds "9"]
[EventCountry "ROU"]
[SourceTitle "EXT 2018"]
[Source "ChessBase"]
[SourceDate "2017.10.13"]
[SourceVersion "1"]
[SourceVersionDate "2017.10.13"]
[SourceQuality "1"]

1. e4 c5 2. c3 d5 3. exd5 Qxd5 4. d4 Nc6 5. Nf3 Bg4 6. Be2 Nf6 7. c4 Qd7 8. d5 Bxf3 9. Bxf3 Ne5 10. b3 e6 11. dxe6 Qxe6 12. 0-0 Be7 13. Bxb7 Rd8 14. Qe2 0-0 15. Bb2 Bd6 16. Nc3 Rfe8 17. Rfe1 Qd7 18. Ba6 Nd3 19. Bb5 Rxe2 20. Bxd7 Rxe1+ 21. Rxe1 Nxe1 22. Bf5 Be5 23. Na4 Rd1 24. Kf1 Nd3+ 25. Ke2 Nxb2 26. Nxb2 Ra1 27. Nd3 Rxa2+ 28. Kf3 Bd4 29. h3 a5 0-1

[Event "EU-ch U12 27th"]
[Site "Mamaia"]
[Date "2017.09.13"]
[Round "8"]
[White "Buca, Dragos Stefan"]
[Black "Bartolo, Filipe Diogo Correi"]
[Result "1-0"]
[WhiteElo "1242"]
[BlackElo "1504"]
[PlyCount "81"]
[EventDate "2017.09.05"]
[EventType "swiss"]
[EventRounds "9"]
[EventCountry "ROU"]
[SourceTitle "CBM 180 Extra"]
[Source "ChessBase"]
[SourceDate "2017.10.06"]
[SourceVersion "1"]
[SourceVersionDate "2017.10.06"]
[SourceQuality "1"]

1. e4 c5 2. Nc3 e6 3. f4 d5 4. Nf3 Nc6 5. Bb5 Nge7 6. 0-0 d4 7. Ne2 a6 8. Bxc6+ Nxc6 9. d3 Bd6 10. a3 0-0 11. g4 b5 12. Qe1 f5 13. gxf5 exf5 14. Ng3 fxe4 15. Qxe4 Qc7 16. Ng5 g6 17. Qd5+ Kh8 18. N5e4 Be7 19. Ng5 h6 20. Ne6 Bxe6 21. Qxe6 Rf6 22. Qe2 Raf8 23. Qg2 c4 24. Kh1 h5 25. Ne4 Re6 26. Bd2 a5 27. Qh3 Qd7 28. Rae1 Rd6 29. Qxd7 Rxd7 30. Rg1 Bh4 31. Ref1 Ne7 32. Ng5 Nd5 33. Ne6 Rf6 34. Nxd4 Nxf4 35. Bxf4 Rxd4 36. Be5 Rd5 37. Bxf6+ Bxf6 38. Rxf6 cxd3 39. cxd3 Rxd3 40. Rfxg6 Rd2 41. Rh6# 1-0

[Event "Lisbon Portugal op"]
[Site "Lisbon"]
[Date "2017.02.07"]
[Round "6"]
[White "Miracola, Giorgia"]
[Black "Bartolo, Filipe Diogo Correi"]
[Result "1-0"]
[WhiteElo "1858"]
[BlackElo "1420"]
[PlyCount "79"]
[EventDate "2017.02.04"]
[EventType "swiss"]
[EventRounds "9"]
[EventCountry "POR"]
[SourceTitle "CBM 176 Extra"]
[Source "ChessBase"]
[SourceDate "2017.03.02"]
[SourceVersion "1"]
[SourceVersionDate "2017.03.02"]
[SourceQuality "1"]

1. e4 e5 2. Nf3 Nf6 3. Nxe5 Nc6 4. Nxc6 dxc6 5. Nc3 Bd6 6. Be2 h5 7. h3 Be5 8. d3 Bd4 9. Be3 c5 10. Qd2 Be6 11. 0-0-0 c6 12. f4 Qc7 13. f5 Bd7 14. Bf3 0-0-0 15. Bf4 Qa5 16. Kb1 b5 17. Ne2 Qxd2 18. Bxd2 b4 19. Nxd4 cxd4 20. Bxb4 Rhe8 21. g4 hxg4 22. hxg4 Rh8 23. Be7 Rde8 24. Bxf6 gxf6 25. Rxh8 Rxh8 26. Rh1 Rxh1+ 27. Bxh1 c5 28. c3 Bb5 29. Kc2 Kd7 30. Bf3 Kd6 31. b4 dxc3 32. bxc5+ Kxc5 33. Kxc3 a5 34. d4+ Kb6 35. Bd1 Bf1 36. Bb3 Bg2 37. e5 fxe5 38. dxe5 Bh3 39. f6 Bxg4 40. e6 1-0

[Event "Lisbon Portugal op"]
[Site "Lisbon"]
[Date "2017.02.06"]
[Round "5"]
[White "Bartolo, Filipe Diogo Correi"]
[Black "Stelian, Turta"]
[Result "1/2-1/2"]
[WhiteElo "1420"]
[BlackElo "1928"]
[PlyCount "205"]
[EventDate "2017.02.04"]
[EventType "swiss"]
[EventRounds "9"]
[EventCountry "POR"]
[SourceTitle "CBM 176 Extra"]
[Source "ChessBase"]
[SourceDate "2017.03.02"]
[SourceVersion "1"]
[SourceVersionDate "2017.03.02"]
[SourceQuality "1"]

1. e4 c6 2. d4 d5 3. exd5 cxd5 4. c3 Qc7 5. Nf3 e6 6. Bd3 Bd6 7. h3 h6 8. Qe2 Nd7 9. Nbd2 a6 10. a4 b6 11. 0-0 Ngf6 12. Re1 Nh5 13. Nf1 Bf4 14. Ne5 Nxe5 15. dxe5 Bxc1 16. Raxc1 Nf4 17. Qe3 Nxd3 18. Qxd3 Bb7 19. f4 0-0 20. Ng3 g6 21. Qe3 Qc6 22. b3 d4 23. Qe4 Qxe4 24. Nxe4 Bxe4 25. Rxe4 dxc3 26. Rxc3 Rfd8 27. Rb4 Rdb8 28. Rc6 b5 29. axb5 a5 30. Rd4 Rxb5 31. Rc3 Rab8 32. Rdd3 Kg7 33. Kf2 g5 34. g3 Kg6 35. Kf3 gxf4 36. gxf4 Kf5 37. Kg3 Rb4 38. Rf3 Rg8+ 39. Kf2 Rxf4 40. Rxf4+ Kxf4 41. Rc7 Rb8 42. Rxf7+ Kxe5 43. Ra7 Rb5 44. Kg2 Kd4 45. Ra6 e5 46. Rxh6 Rxb3 47. Ra6 Rb5 48. h4 e4 49. Rd6+ Ke3 50. Rg6 Kf4 51. Rf6+ Kg4 52. Re6 Rb2+ 53. Kf1 Kf3 54. Rf6+ Ke3 55. h5 Rb5 56. h6 Rh5 57. Ra6 Rf5+ 58. Kg1 Rh5 59. h7 Rxh7 60. Rxa5 Rb7 61. Ra3+ Kf4 62. Ra8 Rb3 63. Rf8+ Ke3 64. Rh8 Rb1+ 65. Kg2 Ke2 66. Ra8 Rd1 67. Re8 e3 68. Ra8 Rd7 69. Ra2+ Rd2 70. Ra3 Ke1+ 71. Kg1 Ke2 72. Kg2 Rb2 73. Ra1 Kd3+ 74. Kf1 Rf2+ 75. Ke1 Rh2 76. Ra3+ Ke4 77. Ra8 Rh1+ 78. Ke2 Rh2+ 79. Ke1 Rh5 80. Re8+ Re5 81. Rxe5+ Kxe5 82. Ke2 Kd4 83. Ke1 Ke5 84. Ke2 Ke4 85. Ke1 Kf3 86. Kf1 Kg3 87. Ke2 Kf4 88. Ke1 Ke4 89. Ke2 Kd4 90. Ke1 Kd3 91. Kd1 Ke4 92. Ke2 Kf4 93. Ke1 Kg3 94. Ke2 Kf4 95. Ke1 Ke5 96. Ke2 Kd4 97. Ke1 Kd3 98. Kd1 Ke4 99. Ke2 Kf4 100. Ke1 Kf3 101. Kf1 e2+ 102. Ke1 Ke4 103. Kxe2 1/2-1/2

[Event "Lisbon Portugal op"]
[Site "Lisbon"]
[Date "2017.02.04"]
[Round "2"]
[White "Pena, Helio Adelino Silva"]
[Black "Bartolo, Filipe Diogo Correi"]
[Result "1-0"]
[WhiteElo "1889"]
[BlackElo "1420"]
[PlyCount "63"]
[EventDate "2017.02.04"]
[EventType "swiss"]
[EventRounds "9"]
[EventCountry "POR"]
[SourceTitle "CBM 176 Extra"]
[Source "ChessBase"]
[SourceDate "2017.03.02"]
[SourceVersion "1"]
[SourceVersionDate "2017.03.02"]
[SourceQuality "1"]

1. d4 d5 2. c4 Nf6 3. Nc3 e6 4. Bg5 Nbd7 5. e3 c6 6. a3 dxc4 7. Bxc4 Qa5 8. Bf4 Ne4 9. Nge2 Nxc3 10. Nxc3 Be7 11. 0-0 0-0 12. Bd3 e5 13. b4 Qc7 14. dxe5 h6 15. e6 Ne5 16. exf7+ Rxf7 17. Bc4 Bf6 18. Ne4 Qe7 19. Nxf6+ Qxf6 20. Bxe5 Qxe5 21. Qb3 Qf6 22. Rad1 Kf8 23. Bxf7 Qxf7 24. Qxf7+ Kxf7 25. Rd8 b6 26. Rfd1 Ke6 27. Rg8 Bb7 28. Rxg7 Ba6 29. Rg6+ Kf5 30. Rxc6 h5 31. f3 Re8 32. Rd5+ 1-0

[Event "Coimbra Queima das Fitas op"]
[Site "Coimbra"]
[Date "2015.05.03"]
[Round "7"]
[White "Bartolo, Filipe Diogo Correi"]
[Black "Barrento, Jorge Maria Lopes"]
[Result "0-1"]
[WhiteElo "1386"]
[BlackElo "1689"]
[PlyCount "82"]
[EventDate "2015.04.30"]
[EventType "swiss"]
[EventRounds "7"]
[EventCountry "POR"]
[SourceTitle "EXT 2018"]
[Source "ChessBase"]
[SourceDate "2017.10.13"]
[SourceVersion "1"]
[SourceVersionDate "2017.10.13"]
[SourceQuality "1"]

1. e4 d5 2. exd5 Nf6 3. Bc4 Bg4 4. f3 Bf5 5. Nc3 a6 6. d3 Nbd7 7. Bf4 b5 8. Bb3 Nc5 9. a4 Nxb3 10. cxb3 b4 11. Na2 Nxd5 12. Ne2 Nxf4 13. Nxf4 e5 14. Ne2 Qxd3 15. Qxd3 Bxd3 16. Ng3 Bd6 17. Ne4 Bxe4 18. fxe4 0-0 19. 0-0 a5 20. Nc1 Bc5+ 21. Kh1 Bd4 22. Nd3 c5 23. Rac1 Rac8 24. Rc4 Rfd8 25. Re1 f6 26. g3 Rd7 27. Re2 g6 28. Rec2 Rdc7 29. Kg2 Kf7 30. Kf3 Ke6 31. h3 Kd6 32. Kg2 h5 33. g4 Ke6 34. Kf3 f5 35. gxh5 gxh5 36. Nf2 f4 37. Nd3 Kf6 38. Ne1 Rg8 39. Rd2 Rg3+ 40. Ke2 Re3+ 41. Kf2 Rxe4+ 0-1

[Event "Coimbra Queima das Fitas op"]
[Site "Coimbra"]
[Date "2015.05.01"]
[Round "2"]
[White "Oliveira, Joao Andre CD"]
[Black "Bartolo, Filipe Diogo Correi"]
[Result "1-0"]
[WhiteElo "1540"]
[BlackElo "1386"]
[PlyCount "117"]
[EventDate "2015.04.30"]
[EventType "swiss"]
[EventRounds "7"]
[EventCountry "POR"]
[SourceTitle "EXT 2018"]
[Source "ChessBase"]
[SourceDate "2017.10.13"]
[SourceVersion "1"]
[SourceVersionDate "2017.10.13"]
[SourceQuality "1"]

1. f4 d5 2. Nf3 Nf6 3. e3 Nc6 4. b3 e6 5. Bb2 Be7 6. Nc3 0-0 7. Ne2 Nd7 8. Ng3 Bf6 9. c3 e5 10. Nh5 exf4 11. Nxf4 Nde5 12. Be2 Bf5 13. 0-0 Ng6 14. Nh5 Bg4 15. Nxf6+ Qxf6 16. h3 Bxf3 17. Bxf3 Qg5 18. Ba3 Rfe8 19. Bh5 Re5 20. Bxg6 hxg6 21. d4 Rf5 22. Qe2 Rxf1+ 23. Rxf1 Re8 24. Rf3 Ne7 25. Qb5 Nc6 26. Bc1 Rb8 27. c4 a6 28. Qxd5 Qxd5 29. cxd5 Ne7 30. e4 Re8 31. Ba3 Nc8 32. e5 Ne7 33. d6 cxd6 34. Bxd6 Nf5 35. Bc5 Rd8 36. Bb6 Rd7 37. Kf2 f6 38. exf6 gxf6 39. g4 Ne7 40. Rxf6 Kg7 41. Rf3 Nd5 42. Bc5 Rd8 43. a4 b6 44. Ba3 Nc7 45. g5 Ne6 46. Rd3 Nxg5 47. d5 Rd7 48. d6 Kf7 49. h4 Ne6 50. Rf3+ Kg7 51. Bb2+ Kh7 52. Be5 Kh6 53. Rf6 Nc5 54. Rf3 Kh5 55. Kg3 Ne6 56. Kh3 Nc5 57. Rf8 Nxb3 58. Rh8+ Rh7 59. Rxh7# 1-0